The seventh pullet / (Record no. 38307)

MARC details
000 -LEADER
fixed length control field 00503nam a22001817a 4500
005 - DATE AND TIME OF LATEST TRANSACTION
control field 20100730154138.0
010 ## - LCCN (DPL NO)
LC control number ENG-97327
020 ## - INTERNATIONAL STANDARD BOOK NUMBER
International Standard Book Number 9788190903226
Terms of availability 295.00
035 ## - SYSTEM CONTROL NUMBER
System control number EN-80860
037 ## - SOURCE OF ACQUISITION
Source of stock number/acquisition DBAD/PUB
082 ## - DEWEY DECIMAL CLASSIFICATION NUMBER
Classification number S
100 ## - MAIN ENTRY--PERSONAL NAME
Personal name Saki, H.H. Munro
245 ## - TITLE STATEMENT
Title The seventh pullet /
Statement of responsibility, etc by H.H. Munro Saki
260 ## - PUBLICATION, DISTRIBUTION, ETC. (IMPRINT)
Place of publication, distribution, etc New Delhi
Name of publisher, distributor, etc Kutub Publication
Date of publication, distribution, etc 2009
270 ## - ADDRESS
Address 33/1, Bhul Bhullian Road, Mehrauli,
City New Delhi
Postal code 110030
300 ## - PHYSICAL DESCRIPTION
Extent 184p.
Dimensions 23cm, (Hb)
942 ## - ADDED ENTRY ELEMENTS (KOHA)
Source of classification or shelving scheme Dewey Decimal Classification
Item type English Books
Classification part S
Call number suffix SAK

No items available.


© Delhi Public Library
Hit Counter
free hit counter